| 000 | 00665nam a2200205 a 4500 | ||
|---|---|---|---|
| 005 | 20250430063801.0 | ||
| 008 | 081108s2000 mx r 000 0 spa d | ||
| 020 | _a9264453288 | ||
| 035 | _aUPN01000165687 | ||
| 049 | _aUNE | ||
| 080 | _a347.78 (100) "1997" PRO. | ||
| 245 | 0 | 0 | _aPropiedad intelectual, transferencia de tecnología y recursos genéticos: Un estudio de la OCDE sobre prácticas y políticas actuales. |
| 260 | _aParís: OCDE, 1997. | ||
| 300 | _a99 p. | ||
| 440 | 0 | _aPerspectivas OCDE; 97 | |
| 690 |
_aPropiedad intelectual _917233 |
||
| 690 | _aDerecho de propiedad intelectual | ||
| 690 |
_aDerechos de autor _917232 |
||
| 905 | _aUNESCO | ||
| 999 |
_c137799 _d137799 |
||